Chargement en cours...

Bibliography of doctoral dissertations 1980-81: social sciences and humanities

Détails bibliographiques
Format: Printed Book
Publié: New Delhi, Inter University Board of India 1984
Sujets:
LEADER 006090000a22001810004500
041 |a en 
082 |a 011.7 M4 
245 |a Bibliography of doctoral dissertations 1980-81: social sciences and humanities 
260 |a New Delhi, Inter University Board of India 
260 |c 1984 
310 |a Inter University Board of India New Delhi  |e India 
650 |a Bibliography 
650 |a Dissertations 
650 |a Humanities 
650 |a Social Science 
942 |c BK 
999 |c 149617  |d 149613 
952 |0 0  |1 0  |4 0  |6 011_700000000000000_M4  |7 0  |9 148444  |a SCK  |b SCK  |d 2017-10-23  |l 0  |o 011.7 M4  |p SCK02802  |r 2017-10-23  |w 2017-10-23  |y BK